000 00867nam a2200217Ia 4500
003 0
005 20250128093756.0
008 150126s9999 xx 000 0 und d
050 _aPGS QK 495.R33
_b.M278 2014
100 _aManio, Eirine Gillianne F.
245 4 _aThe use of Raphanus sativus extract in inhibiting growth of Escherichia coli /
_cEirine Gillianne F. Manio.
260 _aLas Piñas City, Philippines :
_bSouthville International School and Colleges,
_c2014.
300 _a49 p. :
_bill. ;
_c28 cm.
504 _aIncludes bibliographical references.
650 _aGrowth.
650 _aRaphanus sativus
_vMedicinal properties—Inhibition of Escherichia coli.
650 _aAntibacterial activity
_vRaphanus sativus extract..
650 _aAntibacterial agents
_vPlant-derived.
650 _aAntimicrobial properties of plants.
942 _2lcc
_cPASS
999 _c278608
_d278608